000 00594nam a2200181Ia 4500
008 100921s9999 xx 000 0 und d
082 _b37036
_a891.463 न 01
100 _aशिरवळकर सुहास.
245 _aझूम.
260 _bदिलिपराज प्रकाशन,पुणे.
_c2001
300 _a252
_bदिलिपराज प्रकाशन,पुणे.
365 _b200
520 _aललित-कादंबरी.
630 _aझूम.
650 _aललित-कादंबरी.
730 _aझूम.
942 _cBOOK
999 _c786149
_d786146